Southville International School and Colleges
Your cart is empty.
  • Cart
  • Lists
    Public lists list_1 View all
    Your lists Log in to create your own lists
  • Log in to your account
  • Your cookies
  • Search history
Southville International School and Colleges
  • Advanced search
  • Recent comments
  • Most popular
  • Libraries

Log in to your account

Log in with GOOGLE


If you do not have an external account, but do have a local account, you can still log in:

  1. Home
  2. MARC view: Earth science /
Normal view MARC view ISBD view

Earth science / (Record no. 296178)

[ view plain ]
MARC details
000 -LEADER
fixed length control field 00607nam a22001937a 4500
003 - CONTROL NUMBER IDENTIFIER
control field SISC
005 - DATE AND TIME OF LATEST TRANSACTION
control field 20160621174216.0
008 - FIXED-LENGTH DATA ELEMENTS--GENERAL INFORMATION
fixed length control field 160621b xxu||||| |||| 00| 0 eng d
020 ## - INTERNATIONAL STANDARD BOOK NUMBER
International Standard Book Number 9781292061313
050 ## - LIBRARY OF CONGRESS CALL NUMBER
Classification number QE 26.3 T179 2015
245 ## - TITLE STATEMENT
Title Earth science /
Statement of responsibility, etc Edward J. Tarbuck [and] Frederick K. Lutgens; illustrated by Dennis Tasa.
250 ## - EDITION STATEMENT
Edition statement 14th ed.
260 ## - PUBLICATION, DISTRIBUTION, ETC. (IMPRINT)
Place of publication, distribution, etc Boston, USA :
Name of publisher, distributor, etc Pearson Education,
Date of publication, distribution, etc c2015.
300 ## - PHYSICAL DESCRIPTION
Extent 788 p. :
Other physical details col. ill. ;
Dimensions 28 cm.
650 ## - SUBJECT ADDED ENTRY--TOPICAL TERM
Topical term or geographic name as entry element Earth sciences
Form subdivision Textbooks.
700 ## - ADDED ENTRY--PERSONAL NAME
Personal name Lutgens, Frederick K.
700 ## - ADDED ENTRY--PERSONAL NAME
Personal name Tasa, Dennis, ill.
942 ## - ADDED ENTRY ELEMENTS (KOHA)
Source of classification or shelving scheme Library of Congress Classification
Koha item type Books
Holdings
Withdrawn status Lost status Source of classification or shelving scheme Damaged status Home library Current library Shelving location Date acquired Source of acquisition Total Checkouts Total Renewals Full call number Barcode Date last seen Date checked out Price effective from Koha item type
    Library of Congress Classification   Luxembourg Library Luxembourg Library   06/21/2016 Library Fund 10 27 QE 26.3 T179 2015 20214 08/08/2018 07/30/2018 06/21/2016 Books

Earth science /

APA

Lutgens F. K., Tasa D. i., . (2015). Earth science. Boston, USA: Pearson Education.

Chicago

Lutgens Frederick K, Tasa Dennis ill, . 2015. Earth science. Boston, USA: Pearson Education.

Harvard

Lutgens F. K., Tasa D. i., . (2015). Earth science. Boston, USA: Pearson Education.

MLA

Lutgens Frederick K, Tasa Dennis ill, . Earth science. Boston, USA: Pearson Education. 2015.

  • Place hold
  • Print
  • Cite
  • Add to your cart (remove)
  • Save record
    BIBTEX Dublin Core MARCXML MARC (non-Unicode/MARC-8) MARC (Unicode/UTF-8) MARC (Unicode/UTF-8, Standard) MODS (XML) RIS
  • More searches
    Search for this title in:
    Other Libraries (WorldCat) Other Databases (Google Scholar) Online Stores (Bookfinder.com) Open Library (openlibrary.org)

Exporting to Dublin Core...

SOUTHVILLE LIBRARY

Southville International School and Colleges Library

1281 Tropical Ave. Cor. Luxembourg St., BF Homes International, Las Pinas City

Tel. No. 8256374 / 252358 Loc. 117/146

Powered by Koha